000 00762nam a22002657a 4500
001 6517
003 FISKH
005 20250507152005.0
008 250507b cb ||||| |||| 00| 0 eng d
020 _a9788956354125
040 _aFISKH
_beng
_cFISKH
_dFISKH
050 _aLB1573.3 .M352
082 _a398.2
100 _aGrimm, Brothers
245 _aThe musicians of Bremen /
_cBrothers Grimm
260 _aSeoul :
_befuture,
_c2009.
300 _a34 pages :
_bcolor illustrations ;
_c21 cm
505 _aJ
520 _aA cat, donkey, cock and dog decide to make their fortune by becoming singers.
521 8 _a470
_bLexile AD
521 8 _aJ
_bRaz-Plus
650 _aFolktales
_vBig book
_xMusic
942 _2ddc
_cBK
_n0
999 _c6517
_d6517